000 00367nam a2200145Ia 4500
008 150201s2000 xx 000 0 und d
082 _a612.015
_bM2000C
100 _aCHATTERJEE MN
245 _aTEXT BOOK OF MEDICAL BIOCHEMISTRY
250 _a4TH
260 _bJAYPEE MEDICAL PUBLISHER
_aDELHI
_c2000
300 _a1-775
650 _aBIOCHEMISTRY
942 _2ddc
_cBK
999 _c2544
_d2544